NAJWIĘKSZE FESTIWALE MUZYCZNE W POLSCE - Statystyki

Ogólne statystyki
  • Ten quiz został rozwiązany 52 razy
  • Średni wynik to 2 z 6
Statystyki odpowiedzi
Odpowiedź % Poprawnych
OPENER
84%
OPOLE
41%
ORANGE WARSAW FESTIVAL
30%
PRZYSTANEK WOODSTOCK | POLAND ROCK FESTIWAL
14%
KRAKÓW LIVE FESTIVAL
9%
SOPOT HIT FESTIWAL
5%
Nie znaleziono quizów pasujących do podanych kryteriów
Rozkład punktacji
Procent ludzi z każdym wynikiem
Percentyl według liczby udzielonych odpowiedzi
Twoja historia wyników
Nie rozwiązałeś tego quizu